Statistics for Mitski Songs by Acronym

Click here to take the quiz!

General Stats

  • This quiz has been taken 119 times
  • The average score is 6 of 11

Answer Stats

HintAnswer% Correct
MLMAMMy Love Mine All Mine
91%
YBAGYour Best American Girl
72%
IBOLDI Bet on Losing Dogs
58%
FLLSFirst Love/Late Spring
57%
GMDSGoodbye, My Danish Sweetheart
55%
WDYSMWhy Didn't You Stop Me?
54%
MAMHMe and My Husband
48%
BDCMMDBecause Dreaming Costs Money, My Dear
42%
OMTSYOnce More to See You
39%
WFTKWorking For the Knife
33%
BLAABug Like an Angel
30%

Score Distribution

Percentile by Number Answered

Percent of People with Each Score

Your Score History

You have not taken this quiz